<?xml version="1.0" encoding="UTF-8"?>
<record
    xmlns:xsi="http://www.w3.org/2001/XMLSchema-instance"
    xsi:schemaLocation="http://www.loc.gov/MARC21/slim http://www.loc.gov/standards/marcxml/schema/MARC21slim.xsd"
    xmlns="http://www.loc.gov/MARC21/slim">

  <leader>01055nam a22003011  4500</leader>
  <controlfield tag="001">29138</controlfield>
  <controlfield tag="003">BD-RjUL</controlfield>
  <controlfield tag="005">20211209051358.0</controlfield>
  <controlfield tag="008">140402s1906    enkabf        000 0 eng</controlfield>
  <datafield tag="035" ind1=" " ind2=" ">
    <subfield code="a">(BD-RjUL)29223</subfield>
  </datafield>
  <datafield tag="035" ind1=" " ind2=" ">
    <subfield code="a">(OCoLC)2890028</subfield>
  </datafield>
  <datafield tag="040" ind1=" " ind2=" ">
    <subfield code="a">DLC</subfield>
    <subfield code="c">TNJ</subfield>
    <subfield code="d">DLC</subfield>
    <subfield code="d">BD-RjUL</subfield>
    <subfield code="b">eng</subfield>
  </datafield>
  <datafield tag="041" ind1=" " ind2=" ">
    <subfield code="a">eng</subfield>
  </datafield>
  <datafield tag="082" ind1=" " ind2=" ">
    <subfield code="a">942.2</subfield>
    <subfield code="b">VIC V-1 1906</subfield>
  </datafield>
  <datafield tag="245" ind1="0" ind2="4">
    <subfield code="a">The Victoria history of Berkshire /</subfield>
    <subfield code="c">ed. by P.H. Ditchfield ...and William Page.</subfield>
    <subfield code="n">VOLUME ONE</subfield>
  </datafield>
  <datafield tag="260" ind1=" " ind2=" ">
    <subfield code="a">London :</subfield>
    <subfield code="b">A. Constable and company, limited ,</subfield>
    <subfield code="c">1906.</subfield>
  </datafield>
  <datafield tag="300" ind1=" " ind2=" ">
    <subfield code="a">xxv, 422 p. :</subfield>
    <subfield code="b">ill. ;</subfield>
    <subfield code="c">32 cm.</subfield>
  </datafield>
  <datafield tag="490" ind1="0" ind2=" ">
    <subfield code="a">The Victoria history of the counties of England</subfield>
  </datafield>
  <datafield tag="650" ind1=" " ind2="0">
    <subfield code="a">Natural history</subfield>
    <subfield code="z">England</subfield>
    <subfield code="z">Berkshire.</subfield>
    <subfield code="9">88959</subfield>
  </datafield>
  <datafield tag="651" ind1=" " ind2="0">
    <subfield code="a">Berkshire (England)</subfield>
    <subfield code="x">History.</subfield>
    <subfield code="9">88960</subfield>
  </datafield>
  <datafield tag="651" ind1=" " ind2="0">
    <subfield code="a">Berkshire (England)</subfield>
    <subfield code="x">Antiquities.</subfield>
    <subfield code="9">88961</subfield>
  </datafield>
  <datafield tag="700" ind1="1" ind2=" ">
    <subfield code="a">Ditchfield, P. H.</subfield>
    <subfield code="q">(Peter Hampson),</subfield>
    <subfield code="d">1854-1930,</subfield>
    <subfield code="e">ed.</subfield>
    <subfield code="9">88962</subfield>
  </datafield>
  <datafield tag="700" ind1="1" ind2=" ">
    <subfield code="a">Page, William,</subfield>
    <subfield code="d">1861-1934,</subfield>
    <subfield code="e">ed.</subfield>
    <subfield code="9">88963</subfield>
  </datafield>
  <datafield tag="700" ind1="1" ind2=" ">
    <subfield code="a">Cope, John Hautenville,</subfield>
    <subfield code="e">ed.</subfield>
    <subfield code="9">88964</subfield>
  </datafield>
  <datafield tag="942" ind1=" " ind2=" ">
    <subfield code="2">ddc</subfield>
    <subfield code="c">BK</subfield>
  </datafield>
  <datafield tag="999" ind1=" " ind2=" ">
    <subfield code="c">29138</subfield>
    <subfield code="d">29138</subfield>
  </datafield>
  <datafield tag="952" ind1=" " ind2=" ">
    <subfield code="0">0</subfield>
    <subfield code="1">0</subfield>
    <subfield code="2">ddc</subfield>
    <subfield code="4">0</subfield>
    <subfield code="7">2</subfield>
    <subfield code="8">NFIC</subfield>
    <subfield code="a">RUCL</subfield>
    <subfield code="b">RUCL</subfield>
    <subfield code="c">Reading</subfield>
    <subfield code="d">1955-06-27</subfield>
    <subfield code="e">O. U. P</subfield>
    <subfield code="g">47.40</subfield>
    <subfield code="l">0</subfield>
    <subfield code="o">942.2 VIC V-1 1906</subfield>
    <subfield code="r">2014-04-02 00:00:00</subfield>
    <subfield code="t">C-1</subfield>
    <subfield code="w">2014-04-02</subfield>
    <subfield code="y">BK</subfield>
  </datafield>
</record>
